000
00333nam a2200133Ia 4500
008
240624s9999 xx 000 0 und d
041
_a
eng
082
_a
200 DUR
100
_a
DURKHEIM EMILE
245
_a
ELEMENTARY FORMS OF THE RELIGIOUS LIFE
260
_c
2008
_a
London
_b
Dover Publications
300
_a
480 : p.
365
_c
_b
26
999
_c
20933
_d
20933